| 000 | 01114nam a2200289 i 4500 | ||
|---|---|---|---|
| 001 | 183664 | ||
| 003 | ES-MaACL | ||
| 005 | 20251013235623.0 | ||
| 008 | 140917s2011 sp aco | c |||| |dspa d | ||
| 080 | _a929(8=134)"19"(0:77) | ||
| 080 | _a929(460)"19"(0:77) | ||
| 080 | _a77.041.5 | ||
| 100 | 1 |
_aMordzinski, Daniel ( _d1960-) _9155521 |
|
| 245 | 1 | 0 |
_aVivAmérica, 5 años de ideas, 07-11 : _buna memoria fotográfica de Daniel Mordzinski / _c[edición, Salvador Pulido]. |
| 260 |
_a[Madrid] : _bCasa de América, _c[2011] |
||
| 300 |
_a223 p. : _bprincipalmente fot. col., il. ; _c25 x 27 cm. |
||
| 500 | _aÍndice onomástico. | ||
| 650 | 7 |
_aHispanoamericanos- _xRetratos. _9155522 |
|
| 650 | 7 |
_aEspañoles- _xRetratos. _9143788 |
|
| 650 | 7 |
_aFotografía de retrato _2embne _9155523 |
|
| 700 | 1 |
_aPulido, Salvador, _d1971- _9155524 |
|
| 710 | 2 |
_aCasa de América (Madrid) _92460 |
|
| 852 |
_aES-MaACL _jA-13242 _9190610 _bR.150066 _cDEPO1 _dOlim: N-6242 _hDonación: Carlos París |
||
| 903 |
_aParís, Carlos, _d1925-2014 _ednr _q1 _989133 |
||
| 942 |
_2udc _cMONOGRAFIA |
||
| 999 |
_c183664 _d183664 |
||